000 00695nam a2200241 a 4500
999 _c3649
_d3649
003 PK-NaQUE
005 20250310114004.0
008 250310b ||||| |||| 00| 0 eng d
020 _a0782124925 (paperback)
020 _a9780782124927 (paperback)
040 _cQUEST
100 1 _aJaworski, James.
245 1 0 _aMastering JavaScript and JScript /
250 _a1st ed.
260 _a[S.l.] :
_bSybex,
_c1999.
300 _a895 p. ;
650 _aNetscape Communicator.
650 _aJavaScript (Computer program language)
650 _aJScript (Computer program language)
650 _aInternet.
856 4 0 _uhttp://10.10.170.122:8080/browse/book/26773
_yeBook
942 _cBK
_2ddc